MARC

LEADER 00000nam0a2200000 4500
001 109803
005 20231031120150.0
035 |a (RuTPU)RU\TPU\book\118572 
090 |a 109803 
100 |a 20070214d1953 km y0rusy50 ca 
101 0 |a rus 
102 |a RU 
105 |a y g 001zy 
200 1 |a Краткий справочник по коррозии (химическая стойкость материалов)  |f В. П. Баранник 
210 |a Москва  |c Госхимиздат  |d 1953  |a Ленинград 
215 |a 455 с. 
320 |a Библиогр.: с. 448-450. 
320 |a Указатель сред: с. 451-454. 
610 1 |a материалы 
610 1 |a коррозия 
610 1 |a коррозийная стойкость 
610 1 |a коррозионная среда 
610 1 |a коррозийные свойства 
610 1 |a коррозионностойкие материалы 
610 1 |a химическая стойкость 
610 1 |a неорганические среды 
610 1 |a органические среды 
610 1 |a справочники 
675 |a 620.193(035)  |v 3 
700 1 |a Баранник  |b В. П. 
801 1 |a RU  |b 63413507  |c 20070214  |g PSBO 
801 2 |a RU  |b 63413507  |c 20081003  |g PSBO 
942 |c BK